000 00587cam a22001931 4500
001 af 48001823
003 DLC
005 20260227110851.0
008 890622s1944 be a 000 0 dut c
010 _aaf 48001823
035 _a(OCoLC)19913451
040 _aNew York. Public Libr.
_cCU
_dDLC
042 _apremarc
050 0 0 _aPT6446.S34
_bH3
100 1 _aSchuyter, Jan de,
_d1889-
245 1 0 _aHavenlucht;
_bverhalen van de haven en van de rivier.
_cMet penteekeningen door René de Coninck.
260 _a[Kapellen]
_bBoekuil en Karveel,
_c1944.
300 _a122 p.
_billus.
_c19 cm.
999 _c4735
_d4735